Xingú / (Record no. 182178)

MARC details
000 -LEADER
campo de control de longitud fija 00912nam a2200253 i 4500
001 - NÚMERO DE CONTROL
campo de control 182178
003 - IDENTIFICADOR DE NÚMERO DE CONTROL
campo de control ES-MaACL
005 - FECHA Y HORA DE LA ÚLTIMA TRANSACCIÓN
campo de control 20250718203912.0
008 - DATOS DE LONGITUD FIJA--INFORMACIÓN GENERAL
campo de control de longitud fija 130621s2012 sp a | |||||||| | spa d
020 ## - NÚMERO INTERNACIONAL ESTÁNDAR DEL LIBRO
Número Internacional Estándar del Libro 978-84-939308-3-7
080 ## - NÚMERO DE LA CLASIFICACIÓN DECIMAL UNIVERSAL
Número de la Clasificación Decimal Universal 821.111(73)-32"18"
100 1# - ENTRADA PRINCIPAL--NOMBRE DE PERSONA
Nombre de persona Wharton, Edith (
Fechas asociadas al nombre 1862-1937)
9 (RLIN) 116611
245 10 - MENCIÓN DEL TÍTULO
Título Xingú /
Mención de responsabilidad, etc. Edith Wharton ; traducción de Pepa Linares ; prólogo de Eva Puyó ; ilustraciones de Sara Morante.
250 ## - MENCION DE EDICION
Mención de edición 1ª ed.
260 ## - PUBLICACIÓN, DISTRIBUCIÓN, ETC.
Lugar de publicación, distribución, etc. Zaragoza :
Nombre del editor, distribuidor, etc. Contraseña,
Fecha de publicación, distribución, etc. 2012.
300 ## - DESCRIPCIÓN FÍSICA
Extensión 81 p. :
Otras características físicas il. col. ;
Dimensiones 21 cm.
700 1# - ENTRADA AGREGADA--NOMBRE PERSONAL
Nombre de persona Linares, Pepa.
9 (RLIN) 72344
700 1# - ENTRADA AGREGADA--NOMBRE PERSONAL
Nombre de persona Puyó, Eva.
9 (RLIN) 152974
700 1# - ENTRADA AGREGADA--NOMBRE PERSONAL
Nombre de persona Morante, Sara,
Fechas asociadas al nombre 1976-
9 (RLIN) 152975
852 ## - LOCALIZACIÓN
Ubicación ES-MaACL
Número de control de estantería A-12755
itemnumber 189089
Sublocalización o colección R.148892
Ubicación en estantería Depósito 1
Signatura antigua Olim: N-5755
Encuadernación Donación: Pepa Linares
Nota libre Dedicatoria autógrafa de la traductora
903 ## - NOMBRE PERSONAL DE DONANTE
9 72344
a Linares, Pepa
e Donante
942 ## - ELEMENTOS DE ENTRADA SECUNDARIOS (KOHA)
Fuente del sistema de clasificación o colocación Clasificación decimal universal
Tipo de ítem Koha Libro impreso
Holdings
Estatus retirado Estado de pérdida Fuente del sistema de clasificación o colocación Estado de daño No para préstamo Biblioteca de origen Biblioteca actual Ubicación en estantería Fecha de adquisición Fuente de adquisición Total de préstamos Signatura topográfica completa Código de barras Visto por última vez Precio de reemplazo Tipo de ítem Koha Nota pública
    Clasificación decimal universal     Biblioteca del Ateneo de Madrid Biblioteca del Ateneo de Madrid Depósito 1 21/06/2013 Donación   A-12755 1191448 23/02/2023 23/02/2023 Libro impreso Dedicatoria autógrafa de la traductora